Paroles - Papaoutai - Stromae - Statistiques

Statistiques générales
  • Ce quiz a été pris 22 213 fois
  • Le résultat moyen est 183 sur 229
Statistiques - réponses
Paroles % Correct
99%
99%
où,
99%
ou
99%
papa ?
99%
papa
99%
à
95%
a
95%
moi
95%
es-
94%
dit
93%
il
92%
Il
92%
que
92%
t'es,
92%
t'es
92%
t'es...
92%
ce
91%
Dis-
91%
par
91%
qui
91%
qui,
91%
ne
90%
Pas
90%
pas
90%
va
90%
bien
89%
bien"
89%
Bien
89%
est
89%
je
89%
Je-
89%
On
89%
on
89%
au
88%
Ca
88%
ça
88%
doigts
88%
Maman
87%
ton
87%
fois
86%
sait
86%
tu
85%
c'est
84%
Dites-
84%
dites-
84%
mes
84%
mille
84%
moins
83%
travailler
83%
"travailler
83%
accompagné
82%
compté
82%
en
82%
faire
82%
Faire
82%
j'ai
82%
mal
82%
mieux
81%
qu'il
81%
Qu'il
81%
doit,
80%
doit
80%
d'où
80%
Sans
80%
vais
80%
vient
80%
le
79%
lui
79%
même
79%
part
79%
très
79%
caché ?
78%
caché,
78%
cherche
78%
finit
78%
loin
78%
qu'être
78%
sacré
78%
toujours
78%
trouver
78%
Enfin
77%
jamais
77%
papaoutai ?
77%
parler
77%
souvent
77%
devoir
76%
Elle
76%
un
76%
Un
76%
vrai ?
76%
n'est
75%
Des
73%
des
73%
saurai
73%
Et
72%
Hey !
72%
lorsqu'on
72%
nous
72%
Mais
71%
sera
71%
Ah
70%
fait
70%
qu'on
70%
Bouffé
69%
d'son
68%
jour
67%
aura
66%
comment
66%
y
66%
Y
66%
bébés
65%
Tout
65%
tout
65%
monde
63%
personne
63%
tous
62%
disparu
61%
géniteurs
61%
l'autre
61%
nos
61%
papas
61%
plus
60%
génies ?
59%
admirables ?
57%
croira
57%
Quoi,
57%
quoi ?
57%
sais-
57%
détestables ?
56%
Serons-
56%
d'un
54%
croit
52%
Monsieur
47%
n'y
46%
donne
45%
irresponsables ?
45%
pouce
45%
Faut
43%
tiens
43%
aurait
41%
hérité,
41%
l'sucer
41%
naissance
39%
aux
38%
Aucun quiz correspondant
Distribution des résultats
% des personnes avec chaque résultat
Percentile par nombre de réponses
Votre historique - résultats
Vous n’avez pas pris ce quiz